| 000 | 00506nam a2200181Ia 4500 | ||
|---|---|---|---|
| 003 | GCL | ||
| 008 | 140319s9999 xx 000 0 eng d | ||
| 040 |
_aGCL / _cGCL |
||
| 082 | 0 | 4 |
_a338,4791 _bS T |
| 100 | 1 | _aSINCLAIR, M. THEA. | |
| 245 | 1 | 0 |
_aThe Towriam Industry: an Intenational analysis / _cSINCLAIR, M. THEA. |
| 700 | 1 | _aSTABLER, M.J. | |
| 260 |
_a[S.N] : _bC. A. B INTERNATIONAL ، _c1991 |
||
| 300 | _a244 P | ||
| 650 | 0 | 4 | _aTOURIST TRADE |
| 650 | 0 | 4 | _aINFORMATION TECHNOLOGY |
| 942 |
_2ddc _cBK |
||
| 999 |
_c16521 _d16521 |
||